[Event "Baku op"]
[Site "Baku"]
[Date "2018.11.27"]
[Round "4"]
[White "Huseynov, Fazil"]
[Black "Tsydypov, Zhamsaran"]
[Result "0-1"]
[WhiteElo "1931"]
[BlackElo "2530"]
[PlyCount "80"]
[EventDate "2018.11.24"]
[EventType "swiss"]
[EventRounds "9"]
[EventCountry "AZE"]
[SourceTitle "CBM 187 Extra"]
[Source "ChessBase"]
[SourceDate "2018.11.04"]
[SourceVersion "1"]
[SourceVersionDate "2018.11.04"]
[SourceQuality "1"]

1. c4 e5 2. Nc3 Nc6 3. g3 h5 4. h4 Nf6 5. Bg2 Bc5 6. d3 Ng4 7. Ne4 Bb6 8. c5 Ba5+ 9. Bd2 d5 10. cxd6 cxd6 11. Bxa5 Qxa5+ 12. Qd2 Qd8 13. Qg5 0-0 14. Qxd8 Rxd8 15. Nf3 d5 16. Nc3 Bf5 17. e4 dxe4 18. dxe4 Be6 19. 0-0 Nb4 20. Rfd1 Rxd1+ 21. Rxd1 Nxa2 22. Nd5 Kf8 23. Nc7 Bb3 24. Rd3 Bc4 25. Ra3 Rc8 26. Nd5 Nc1 27. Bh3 Nd3 28. Ne3 Ndxf2 29. Bxg4 Nxg4 30. Nxg4 hxg4 31. Nxe5 Ba6 32. b4 Rc1+ 33. Kf2 Rf1+ 34. Ke3 f6 35. Nxg4 Rb1 36. Ra4 Rb3+ 37. Kf4 Be2 38. e5 Rf3+ 39. Ke4 f5+ 40. Kd4 Rd3+ 0-1